000 00869nam a22002657a 4500
003 UA-OsUOA
001 656
007 ta
008 20050623b un ||||| |||| 00| 0 ukr d
100 _aКондрацький А.А.
090 _a94(477)
_bК64
942 _cBK
040 _aUA-OsUOA
_bukr
_cUA-OsUOA
_dUA-OsUOA
245 _aЧасопис київського політрепресанства
300 _a140 с.
955 _a1
041 _aukr
080 _a94(477)
020 _a966-628-070-1
260 _aК.
_bУЦДК
_c2003
246 3 1 _a(коротка історія Київського Товариства політвязнів та жертв репресій 1988-2003 рр.)
_n
250 _nВид. п'яте, доповнене
650 7 _a9 Географія. Біографії. Історія
_2UDC
999 _c286821
_d286821